UBT Library

Williams gynecology / (Record no. 1023)

000 -LEADER
fixed length control field 00578nam a22002057a 4500
008 - FIXED-LENGTH DATA ELEMENTS--GENERAL INFORMATION
fixed length control field 150609b xxu||||| |||| 00| 0 eng d
020 ## - INTERNATIONAL STANDARD BOOK NUMBER
International Standard Book Number 9780071750912
041 0# - LANGUAGE CODE
Language code of text/sound track or separate title eng
080 ## - UNIVERSAL DECIMAL CLASSIFICATION NUMBER
Universal Decimal Classification number 618.1
Common auxiliary subdivision (036)
245 00 - TITLE STATEMENT
Title Williams gynecology /
Statement of responsibility, etc [edited by] Barbara L. Hoffman ... [et al.].
246 1# - VARYING FORM OF TITLE
Title proper/short title Gynecology
250 ## -
-- 2nd ed.
260 ## -
-- New York :
-- McGraw-Hill Medical,
-- 2012.
300 ## -
-- 267 f.:
-- me il;
-- 29 cm.
505 ## -
-- Index: f. 261-267
650 #0 -
-- Gjinekologji
700 1# -
-- Hoffman, Barbara L.
700 1# -
-- Williams, J. Whitridge
942 ## - ADDED ENTRY ELEMENTS (KOHA)
Source of classification or shelving scheme
Item type Books
Holdings
Withdrawn status Lost status Source of classification or shelving scheme Damaged status Not for loan Collection code Permanent location Current location Shelving location Date acquired Total Checkouts Full call number Date last seen Price effective from Koha item type
          Koleksioni i përgjithshem UBT - Lipjan UBT - Lipjan Koleksioni i përgjithshem 06/09/2015   618.1 (036) HOF 06/09/2015 06/09/2015 Books
UBT Library © 2015-2024. All rights reserved University Education for Business and Technology